000 00359pab a2200157 454500
008 180718b2007 xxu||||| |||| 00| 0 eng d
100 _aPandey, Devendra Prasad
245 _aSocial capital and development
260 _c2007
300 _ap.26-29.
362 _aAug
650 _aSocial capital
773 _aKurukshetra
908 _aN
909 _a75552
999 _c75552
_d75552